<?xml version="1.0" encoding="UTF-8"?>
<marc:record xmlns:marc="http://www.loc.gov/MARC21/slim" type="Bibliographic">
   <marc:leader>00000pam a2200000 c 4500</marc:leader>
   <marc:controlfield tag="001">941948641</marc:controlfield>
   <marc:controlfield tag="003">DE-101</marc:controlfield>
   <marc:controlfield tag="005">20171202202811.0</marc:controlfield>
   <marc:controlfield tag="007">tu</marc:controlfield>
   <marc:controlfield tag="008">940817s1994    gw ||||| |||| 00||||ger  </marc:controlfield>
   <marc:datafield ind1=" " ind2=" " tag="015">
      <marc:subfield code="a">94,A50,0307</marc:subfield>
      <marc:subfield code="z">94,N36,0371</marc:subfield>
      <marc:subfield code="2">dnb</marc:subfield>
   </marc:datafield>
   <marc:datafield ind1="7" ind2=" " tag="016">
      <marc:subfield code="2">DE-101</marc:subfield>
      <marc:subfield code="a">941948641</marc:subfield>
   </marc:datafield>
   <marc:datafield ind1=" " ind2=" " tag="020">
      <marc:subfield code="a">9783873870376</marc:subfield>
      <marc:subfield code="c">kart. : DM 49.80</marc:subfield>
      <marc:subfield code="9">978-3-87387-037-6</marc:subfield>
   </marc:datafield>
   <marc:datafield ind1=" " ind2=" " tag="020">
      <marc:subfield code="a">3873870371</marc:subfield>
      <marc:subfield code="c">kart. : DM 49.80</marc:subfield>
      <marc:subfield code="9">3-87387-037-1</marc:subfield>
   </marc:datafield>
   <marc:datafield ind1=" " ind2=" " tag="035">
      <marc:subfield code="a">(DE-599)DNB941948641</marc:subfield>
   </marc:datafield>
   <marc:datafield ind1=" " ind2=" " tag="035">
      <marc:subfield code="a">(OCoLC)75508737</marc:subfield>
   </marc:datafield>
   <marc:datafield ind1=" " ind2=" " tag="040">
      <marc:subfield code="a">1240</marc:subfield>
      <marc:subfield code="b">ger</marc:subfield>
      <marc:subfield code="c">DE-101</marc:subfield>
      <marc:subfield code="d">9999</marc:subfield>
   </marc:datafield>
   <marc:datafield ind1=" " ind2=" " tag="041">
      <marc:subfield code="a">ger</marc:subfield>
   </marc:datafield>
   <marc:datafield ind1=" " ind2=" " tag="044">
      <marc:subfield code="c">XA-DE</marc:subfield>
   </marc:datafield>
   <marc:datafield ind1=" " ind2=" " tag="084">
      <marc:subfield code="a">11</marc:subfield>
      <marc:subfield code="a">150</marc:subfield>
      <marc:subfield code="q">DE-101</marc:subfield>
      <marc:subfield code="2">sdnb</marc:subfield>
   </marc:datafield>
   <marc:datafield ind1=" " ind2=" " tag="084">
      <marc:subfield code="a">5.1a</marc:subfield>
      <marc:subfield code="a">5.5</marc:subfield>
      <marc:subfield code="q">DE-101</marc:subfield>
      <marc:subfield code="2">sswd</marc:subfield>
   </marc:datafield>
   <marc:datafield ind1="1" ind2=" " tag="100">
      <marc:subfield code="0">(DE-588)121414981</marc:subfield>
      <marc:subfield code="0">http://d-nb.info/gnd/121414981</marc:subfield>
      <marc:subfield code="0">(DE-101)121414981</marc:subfield>
      <marc:subfield code="a">Dilts, Robert</marc:subfield>
      <marc:subfield code="e">Verfasser</marc:subfield>
      <marc:subfield code="4">aut</marc:subfield>
   </marc:datafield>
   <marc:datafield ind1="0" ind2="0" tag="245">
      <marc:subfield code="a">Know-how für Träumer</marc:subfield>
      <marc:subfield code="b">Strategien der Kreativität, NLP &amp; modelling, Struktur der Innovation</marc:subfield>
      <marc:subfield code="c">Robert B. Dilts ; Todd Epstein ; Robert W. Dilts. Aus dem Amerikan. von Theo Kierdorf in Zusammenarbeit mit Hildegard Höhr</marc:subfield>
   </marc:datafield>
   <marc:datafield ind1=" " ind2="1" tag="264">
      <marc:subfield code="a">Paderborn</marc:subfield>
      <marc:subfield code="b">Junfermann</marc:subfield>
      <marc:subfield code="c">1994</marc:subfield>
   </marc:datafield>
   <marc:datafield ind1=" " ind2=" " tag="300">
      <marc:subfield code="a">406 S.</marc:subfield>
      <marc:subfield code="b">graph. Darst.</marc:subfield>
      <marc:subfield code="c">22 cm</marc:subfield>
   </marc:datafield>
   <marc:datafield ind1=" " ind2=" " tag="336">
      <marc:subfield code="a">Text</marc:subfield>
      <marc:subfield code="b">txt</marc:subfield>
      <marc:subfield code="2">rdacontent</marc:subfield>
   </marc:datafield>
   <marc:datafield ind1=" " ind2=" " tag="337">
      <marc:subfield code="a">ohne Hilfsmittel zu benutzen</marc:subfield>
      <marc:subfield code="b">n</marc:subfield>
      <marc:subfield code="2">rdamedia</marc:subfield>
   </marc:datafield>
   <marc:datafield ind1=" " ind2=" " tag="338">
      <marc:subfield code="a">Band</marc:subfield>
      <marc:subfield code="b">nc</marc:subfield>
      <marc:subfield code="2">rdacarrier</marc:subfield>
   </marc:datafield>
   <marc:datafield ind1="1" ind2=" " tag="490">
      <marc:subfield code="a">Reihe Pragmatismus &amp; Tradition</marc:subfield>
      <marc:subfield code="v">Bd. 31</marc:subfield>
   </marc:datafield>
   <marc:datafield ind1=" " ind2="7" tag="650">
      <marc:subfield code="0">(DE-588)4072730-0</marc:subfield>
      <marc:subfield code="0">http://d-nb.info/gnd/4072730-0</marc:subfield>
      <marc:subfield code="0">(DE-101)040727300</marc:subfield>
      <marc:subfield code="a">Imagination</marc:subfield>
      <marc:subfield code="2">gnd</marc:subfield>
   </marc:datafield>
   <marc:datafield ind1=" " ind2="7" tag="650">
      <marc:subfield code="0">(DE-588)4032903-3</marc:subfield>
      <marc:subfield code="0">http://d-nb.info/gnd/4032903-3</marc:subfield>
      <marc:subfield code="0">(DE-101)040329038</marc:subfield>
      <marc:subfield code="a">Kreativität</marc:subfield>
      <marc:subfield code="2">gnd</marc:subfield>
   </marc:datafield>
   <marc:datafield ind1=" " ind2="7" tag="650">
      <marc:subfield code="0">(DE-588)4192909-3</marc:subfield>
      <marc:subfield code="0">http://d-nb.info/gnd/4192909-3</marc:subfield>
      <marc:subfield code="0">(DE-101)041929098</marc:subfield>
      <marc:subfield code="a">Neurolinguistisches Programmieren</marc:subfield>
      <marc:subfield code="2">gnd</marc:subfield>
   </marc:datafield>
   <marc:datafield ind1="0" ind2="0" tag="689">
      <marc:subfield code="0">(DE-588)4072730-0</marc:subfield>
      <marc:subfield code="0">http://d-nb.info/gnd/4072730-0</marc:subfield>
      <marc:subfield code="0">(DE-101)040727300</marc:subfield>
      <marc:subfield code="D">s</marc:subfield>
      <marc:subfield code="a">Imagination</marc:subfield>
   </marc:datafield>
   <marc:datafield ind1="0" ind2="1" tag="689">
      <marc:subfield code="0">(DE-588)4032903-3</marc:subfield>
      <marc:subfield code="0">http://d-nb.info/gnd/4032903-3</marc:subfield>
      <marc:subfield code="0">(DE-101)040329038</marc:subfield>
      <marc:subfield code="D">s</marc:subfield>
      <marc:subfield code="a">Kreativität</marc:subfield>
   </marc:datafield>
   <marc:datafield ind1="0" ind2="2" tag="689">
      <marc:subfield code="0">(DE-588)4192909-3</marc:subfield>
      <marc:subfield code="0">http://d-nb.info/gnd/4192909-3</marc:subfield>
      <marc:subfield code="0">(DE-101)041929098</marc:subfield>
      <marc:subfield code="D">s</marc:subfield>
      <marc:subfield code="a">Neurolinguistisches Programmieren</marc:subfield>
   </marc:datafield>
   <marc:datafield ind1="0" ind2=" " tag="689">
      <marc:subfield code="5">DE-101</marc:subfield>
      <marc:subfield code="5">DE-101</marc:subfield>
   </marc:datafield>
   <marc:datafield ind1="1" ind2=" " tag="700">
      <marc:subfield code="0">(DE-588)114339724</marc:subfield>
      <marc:subfield code="0">http://d-nb.info/gnd/114339724</marc:subfield>
      <marc:subfield code="0">(DE-101)114339724</marc:subfield>
      <marc:subfield code="a">Epstein, Todd</marc:subfield>
      <marc:subfield code="e">Verfasser</marc:subfield>
      <marc:subfield code="4">aut</marc:subfield>
   </marc:datafield>
   <marc:datafield ind1="1" ind2=" " tag="700">
      <marc:subfield code="0">(DE-588)121414949</marc:subfield>
      <marc:subfield code="0">http://d-nb.info/gnd/121414949</marc:subfield>
      <marc:subfield code="0">(DE-101)121414949</marc:subfield>
      <marc:subfield code="a">Dilts, Robert W.</marc:subfield>
      <marc:subfield code="d">d. 1985</marc:subfield>
      <marc:subfield code="e">Verfasser</marc:subfield>
      <marc:subfield code="4">aut</marc:subfield>
   </marc:datafield>
   <marc:datafield ind1="1" ind2="2" tag="700">
      <marc:subfield code="a">Dilts, Robert</marc:subfield>
      <marc:subfield code="t">Tools for dreamers</marc:subfield>
      <marc:subfield code="g">dt.</marc:subfield>
   </marc:datafield>
   <marc:datafield ind1=" " ind2="0" tag="830">
      <marc:subfield code="a">Reihe Pragmatismus &amp; Tradition</marc:subfield>
      <marc:subfield code="v">Bd. 31</marc:subfield>
      <marc:subfield code="w">(DE-101)019569300</marc:subfield>
      <marc:subfield code="w">(DE-600)1463618-9</marc:subfield>
      <marc:subfield code="9">231</marc:subfield>
      <marc:subfield code="7">as</marc:subfield>
   </marc:datafield>
   <marc:datafield ind1=" " ind2=" " tag="850">
      <marc:subfield code="a">DE-101a</marc:subfield>
      <marc:subfield code="a">DE-101b</marc:subfield>
   </marc:datafield>
   <marc:datafield ind1="r" ind2=" " tag="925">
      <marc:subfield code="a">ra</marc:subfield>
   </marc:datafield>
</marc:record>
